000 00845cad a22002055a 4500
001 L149922
008 100517e20091112xxk 000 0 eng d
035 _a(Sirsi) u149922
041 0 _aeng
110 2 _aUnited Kingdom
_bMinistry of Justice
_95477
245 0 0 _aStatistics on mortgage and landlord possession actions in the county courts
_bThird quarter 2009
_h[electronic resource]
260 _c2009
490 _aMinstry of Justice Statistical Bulletin
_vThird quarter 2009
520 _aMortgage and landlord possession actions in the county courts for third quarter 2009. Statistics.
590 _aKA
650 2 4 _aUNITED KINGDOM MINISTRY OF JUSTICE
690 _aResidential property
_96266
856 4 8 _uhttps://www.justice.gov.uk/stats-mortgage-land-q3-09-web.pdf
_zView this item free of charge at www.justice.gov.uk
942 _n0
999 _c82328
_d82328